| 000 | 00511nam a2200193Ia 4500 | ||
|---|---|---|---|
| 008 | 140306s9999 xx 000 0 und d | ||
| 020 | _a0 03 022832 8 | ||
| 041 | _aeng | ||
| 082 |
_a657 .48 _bDAV/FI |
||
| 100 | _aDavidson, Sidney | ||
| 245 | _aFinancial accounting : an introduction to concepts ,methods and uses | ||
| 250 | _a5 | ||
| 260 |
_aChicago _bDryden Press _c1988 |
||
| 300 | _a799 | ||
| 365 | _bRs .332 | ||
| 650 | _aLongterm investments | ||
| 700 | _aStickney, Clyde P | ||
| 942 |
_2ddc _cBK |
||
| 999 |
_c179087 _d179087 |
||